000 00701nam a22002297a 4500
005 20170124105945.0
010 _a897603
020 _c00.00
035 _a897603
037 _bCen Lib/Ret
040 _aDPL
_bEN
082 _a301
_bRAS
100 _aRastogi, P. N
_912224
245 _aThe behaviour of social system /
_cby P N Rastogi
260 _aSimla
_bIndian Institute of Advance Study
_c1978
270 _aIndian Institute of Advance Study Simla
_bSimla
300 _aviii,160p.
_c22cm(Hb)
500 _aIncludes index
650 _aSocial systems--Mathematical models
_912225
650 _aSystem analysis--Mathematical models
_912226
942 _2ddc
_cEN
_h301
_mRAS
999 _c124873
_d124873